000 00977nam a22002777a 4500
003 CHAP
005 20220329134936.0
008 971013s1986 r 00010 d
010 _a28458
011 _a29430
035 _a33541
040 _cCHAP
082 _a630.72
_bC69
110 _aConsultive Group on International Agricultural Research
_927417
245 _aTraining in the CGIAR system
_b: building human resource for research to improve food production in developing countries
260 _aLos BaƱos :
_bInternational Rice Research Institute,
_c1986
300 _a128 p.
_b: ilus.
590 _aBATCH-UPD
_b10
_c20130110
_lUCH01
_h2016
590 _aBATCH-UPD
_b10
_c20130410
_lUCH01
_h1335
590 _aBATCH-UPD
_b10
_c20140805
_lUCH01
_h1144
590 _aCONVERSION
_b10
_c20130109
_lUCH01
_h1316
650 1 4 _aAgricultura
_xInvestigación.
_91577
901 _aBK
942 _cLIBRO
949 _a630.72 C69
_bBC
_cLIBRO
_d33724000037750
_eLIBRO
_h71172
_i33541
_mD
_si
999 _c28458
_d28458